000 00706na a2200265 4500
001 13857
003 MIRAKIL
005 20181213154749.0
008 160819b tu 000 0
020 _a9755330984
040 _aMilas
_btur
_cTR-AnCHP
082 _a320.101
_bA32k 2002
090 _a320.101 A32k 2002
100 _aAğaoğulları, Mehmet Ali
245 _aKent devletinden imparatorluğa
_cMehmet Ali Ağaoğulları
250 _a3. bs.
260 _aAnkara
_bİmge
_c2002
300 _a458 s.
_c19 sm.
504 _aKaynakça var.
650 _aKent devletler
650 _aSiyaset felsefesi
_xEski çağ
650 _aSiyaset bilimi
_xTarih
650 _aDevlet
942 _2ddc
_cBKS
999 _c444
_d444